Jazykový průvodce Euro business česko-německý

Titel: Jazykový průvodce Euro business česko-německý / Karsta Neuhaus ; Margret Haltern
Verfasser: ;
Veröffentlicht: Bochum : ILT-Verlag, 1992
Umfang: 335 Seiten
Format: Buch
Sprache: Deutsch; Tschechisch
Schriftenreihe/
mehrbändiges Werk:
Euro business jazykový průvodce
RVK-Notation:
Schlagworte:
ISBN: 3927899011 ; 8085318024
Buchumschlag
X
alg: 2492433
001A    $06000:08-06-93 
001B    $01999:12-12-24 $t16:18:33.000 
001D    $00000:00-00-00 
001U    $0utf8 
001X    $00 
002@    $0Aaxc 
002C    $aText $btxt $2rdacontent 
002D    $aohne Hilfsmittel zu benutzen $bn $2rdamedia 
002E    $aBand $bnc $2rdacarrier 
003@    $0024924334 
003O    $0722014188 $aOCoLC 
004A    $03-927899-01-1 
004A    $080-85318-02-4 
006G    $0930810589 
006U    $093,A23,0528 
007A    $0930810589 $aDNB 
007G    $0DE0207D111DA050B9C066C125880F00347E7E 
009P    $qapplication/pdf $A2 $3Inhaltsverzeichnis $uhttp://scans.hebis.de/HEBCGI/show.pl?02492433_toc.pdf $mV:DE-603;B:DE-Mb50 
009P    $qapplication/pdf $A2 $3Cover $uhttp://scans.hebis.de/HEBCGI/show.pl?02492433_cov.pdf $mV:DE-603;B:DE-Mb50 
009P    $qapplication/pdf $A2 $3Register $uhttp://scans.hebis.de/HEBCGI/show.pl?02492433_idx.pdf $mV:DE-603;B:DE-Mb50 
010@    $ager $acze 
011@    $a1992 
011F    $n© 1992 
013D    $REinführung $RFührer $#Conversation and phrase books $#Vocabulaires et manuels de conversation $74130010-5 $8Sprachführer [Ts1] $9085458066 
021A    $aJazykový průvodce Euro business česko-německý $hKarsta Neuhaus ; Margret Haltern 
028A    $BVerfasser $4aut $7 $8Neuhaus, Karsta [Tnd] $914644356X 
028C    $BVerfasser $4aut $7 $8Haltern, Margret [Tnd] $9146443578 
033A    $pBochum $nILT-Verlag 
034D    $a335 Seiten 
036G    $aEuro business jazykový průvodce 
044K    $RSüdgermanische Sprachen $#German language $#Allemand (langue) $#Neuhochdeutsch $#Deutsche Sprache $#Hochdeutsch $74113292-0 $8Deutsch [Tsz] $9085334081 
044K    $RWestslawische Sprachen $#Tschechische Sprache $74061084-6 $8Tschechisch [Ts1] $9085169617 
044K    $RFachsprache $RSondersprache $#Business writing $#Langage commercial et des affaires $#Wirtschaftsterminologie $#Geschäftssprache $#Wirtschaft Sondersprache $#Wirtschaft Fachsprache $#Handelssprache $#Handel Sondersprache $#Handel Fachsprache $#Kaufmannssprache $#Businesssprache $74117662-5 $8Wirtschaftssprache [Ts1] $9085363812 
045E    $a17 $a53 
045F    $a400 $eDDC23BSB 
045F/01 $a400 
045F/03 $f0904 
045F/03 $g43 
045F/03 $g4371 
045Z    $8QB 020 [Tkv] $9411124021 

lok: 2492433 24

exp: 2492433 24 1 #EPN
201B/01 $017-03-22 $t16:08:53.000 
201C/01 $017-03-22 
201U/01 $0utf8 
203@/01 $01186083204 
208@/01 $a17-03-22 $bz 
209A/01 $a22.01393 $du $f050 $h22 01393 $x00 
209B/01 $aNachlass Karlheinz Olsinger $x05 
209C/01 $a22.01393 G $h22 01393 G 
209G/01 $a74559697 $x00 
220C/01 $akon 
247C/01 $8358050-7 Marburg, Bibliothek des Herder-Instituts Marburg $9102600961
LEADER 00000cam a22000002c 4500
001 024924334
003 DE-603
005 20241212161833.0
007 tu
008 930608s1992 xx |||| | u00||u|ger
015 |a 93,A23,0528  |2 dnb 
016 7 |2 DE-101  |a 930810589 
020 |a 3927899011 
020 |a 8085318024 
035 |a (DE-599)DNB930810589 
035 |a (OCoLC)722014188 
040 |a DE-603  |b ger  |c DE-603  |d DE-603 
041 |a ger  |a cze 
082 0 4 |8 1\u  |a 400  |q DE-101  |2 23/BSB 
084 |a 17  |a 53  |q DE-101  |2 sdnb 
084 |a QB 020  |0 (DE-625)141209:  |0 (DE-603)411124021  |2 rvk 
085 |8 1\u  |b 400 
085 |8 1\u  |z 1  |s 0904 
085 |8 1\u  |z 2  |s 43 
085 |8 1\u  |z 2  |s 4371 
100 1 |a Neuhaus, Karsta  |e Verfasser  |4 aut  |0 (DE-603)14644356X 
245 0 0 |a Jazykový průvodce Euro business česko-německý  |c Karsta Neuhaus ; Margret Haltern 
264 1 |a Bochum  |b ILT-Verlag  |c 1992 
264 4 |c © 1992 
300 |a 335 Seiten 
336 |a Text  |b txt  |2 rdacontent 
337 |a ohne Hilfsmittel zu benutzen  |b n  |2 rdamedia 
338 |a Band  |b nc  |2 rdacarrier 
490 0 |a Euro business jazykový průvodce 
650 7 |a Deutsch  |0 (DE-588)4113292-0  |0 (DE-603)085334081  |2 gnd 
650 7 |a Tschechisch  |0 (DE-588)4061084-6  |0 (DE-603)085169617  |2 gnd 
650 7 |a Wirtschaftssprache  |0 (DE-588)4117662-5  |0 (DE-603)085363812  |2 gnd 
655 7 |a Sprachführer  |2 gnd-content  |0 (DE-588)4130010-5  |0 (DE-603)085458066 
700 1 |a Haltern, Margret  |e Verfasser  |4 aut  |0 (DE-603)146443578 
856 4 2 |m V:DE-603;B:DE-Mb50  |q application/pdf  |u http://scans.hebis.de/HEBCGI/show.pl?02492433_toc.pdf  |3 Inhaltsverzeichnis 
856 4 2 |m V:DE-603;B:DE-Mb50  |q application/pdf  |u http://scans.hebis.de/HEBCGI/show.pl?02492433_cov.pdf  |3 Cover 
856 4 2 |m V:DE-603;B:DE-Mb50  |q application/pdf  |u http://scans.hebis.de/HEBCGI/show.pl?02492433_idx.pdf  |3 Register 
924 0 |9 Mb 50  |a (DE-603)1186083204  |b DE-Mb50  |c HES  |d c  |g 22.01393